| 000 | 00534nam a2200181Ia 4500 | ||
|---|---|---|---|
| 999 |
_c29823 _d29823 |
||
| 003 | OSt | ||
| 005 | 20210112144138.0 | ||
| 008 | 190216s9999||||xx |||||||||||||| ||und|| | ||
| 020 | _a9788126427970 | ||
| 040 | _coclc | ||
| 082 |
_a894.81 _bSPIL/C |
||
| 100 |
_aPillai, C V Raman _96457 |
||
| 245 | 0 |
_aC V Ramanpillayute Charithrakhyayikakal Sampoornam / _cC V Raman Pillai |
|
| 260 |
_bDc Books, _c2010. _aKottayam: |
||
| 300 | _a1214p | ||
| 650 | _aNovel | ||
| 942 |
_cBK _2ddc _h894.81 _iSPIL/C _k894.81 _mSPIL/C |
||